<?xml version="1.0" encoding="UTF-8"?>
<marc:record xmlns:marc="http://www.loc.gov/MARC21/slim">
   <marc:leader>00000nam a2200000 a 4500</marc:leader>
   <marc:datafield ind1="1" ind2=" " tag="100">
      <marc:subfield code="a">Chopra, Deepak</marc:subfield>
      <marc:subfield code="4">aut</marc:subfield>
      <marc:subfield code="e">Verfasser/-in</marc:subfield>
   </marc:datafield>
   <marc:datafield ind1="1" ind2=" " tag="100">
      <marc:subfield code="a">Chopra, Deepak</marc:subfield>
   </marc:datafield>
   <marc:datafield ind1=" " ind2=" " tag="653">
      <marc:subfield code="a">Ayurveda</marc:subfield>
   </marc:datafield>
   <marc:datafield ind1="0" ind2="0" tag="245">
      <marc:subfield code="a">Die heilende Kraft</marc:subfield>
   </marc:datafield>
   <marc:datafield ind1="0" ind2="0" tag="245">
      <marc:subfield code="b">Ayurveda, das altindische Wissen vom Leben, und die modernen Naturwissenschaften = "Quantum healing"</marc:subfield>
   </marc:datafield>
   <marc:datafield ind1="0" ind2="0" tag="245">
      <marc:subfield code="c">Deepak Chopra. [Aus dem Amerikan. von Michael Larrass</marc:subfield>
   </marc:datafield>
   <marc:datafield ind1=" " ind2="1" tag="264">
      <marc:subfield code="a">Bad Essen</marc:subfield>
      <marc:subfield code="b">Driediger</marc:subfield>
      <marc:subfield code="c">2011</marc:subfield>
   </marc:datafield>
   <marc:datafield ind1="1" ind2=" " tag="520">
      <marc:subfield code="a">Angaben aus der Verlagsmeldung

Die heilende Kraft : Ayurveda, das altindische Wissen vom Leben, und die modernen Naturwissenschaften Quantum Healing. Exploring the Frontiers of Mind/Body Medicine / von Deepak Chopra

Ungewöhnliche Heilungen schwerkranker Menschen brachten Dr. med. Deepak Chopra auf die Spur einer uralten Heilmethode. In seinem Buch verbindet er die Erkenntnisse der modernen Molekularbiologie und Vorstellungen der Quantenphysik, integriert sie in die Lehre des Ayurveda, der Wissenschaft vom Leben.
Der Geist ist stärker als die Materie - diese schlichte Weisheit bringt uns der Autor näher, indem er die Mechanismen der Entstehung von Krankheiten erklärt und aufzeigt, wie deren rückläufige Entwicklung eingeleitet werden kann.
Die Natur hat den menschlichen Körper so erschaffen, dass er alle Medikamente selbst erzeugen kann, und zwar in der richtigen Dosierung und ganz ohne Nebenwirkungen. Wenn wir lernen, die uns innewohnenden selbstheilenden Kräfte zur Entfaltung zu bringen, steht uns das wichtigste und wirkungsvollste Instrument der Heilung zur Verfügung.
</marc:subfield>
   </marc:datafield>
   <marc:datafield ind1=" " ind2=" " tag="020">
      <marc:subfield code="a">9783932130250</marc:subfield>
      <marc:subfield code="9">9783932130250</marc:subfield>
   </marc:datafield>
   <marc:datafield ind1=" " ind2=" " tag="041">
      <marc:subfield code="a">ger</marc:subfield>
   </marc:datafield>
   <marc:datafield ind1=" " ind2=" " tag="300">
      <marc:subfield code="a">304 S.</marc:subfield>
   </marc:datafield>
</marc:record>
